| 000 | 01334nam a2200313 a 4500 | ||
|---|---|---|---|
| 001 | ebr10441964 | ||
| 003 | CaPaEBR | ||
| 006 | m u | ||
| 007 | cr cn||||||||| | ||
| 008 | 110215s2010 enkad sb 001 0 eng d | ||
| 020 | _z9780335242146 | ||
| 020 | _z0335242146 | ||
| 020 | _z9780335242153 (e-book) | ||
| 040 |
_aCaPaEBR _cCaPaEBR |
||
| 035 | _a(OCoLC)702145522 | ||
| 050 | 1 | 4 |
_aGV1469.25.S425 _bS28 2010eb |
| 100 | 1 |
_aSavin-Baden, Maggi, _d1960- |
|
| 245 | 1 | 2 |
_aA practical guide to using Second Life in higher education _h[electronic resource] / _cMaggi Savin-Baden. |
| 260 |
_aBerkshire, England : _bMcGraw-Hill : _bOpen University Press, _c2010. |
||
| 300 |
_a210 p. : _bill. |
||
| 504 | _aIncludes bibliographical references and index. | ||
| 505 | 0 | _apt. 1. Getting started in Second Life -- pt. 2. Developing your teaching in Second Life -- pt. 3. Shifting boundaries. | |
| 533 |
_aElectronic reproduction. _bPalo Alto, Calif. : _cebrary, _d2011. _nAvailable via World Wide Web. _nAccess may be limited to ebrary affiliated libraries. |
||
| 650 | 0 | _aSecond Life (Game) | |
| 650 | 0 | _aEducation, Higher. | |
| 655 | 7 |
_aElectronic books. _2local |
|
| 710 | 2 | _aebrary, Inc. | |
| 856 | 4 | 0 |
_uhttp://site.ebrary.com/lib/rucke/Doc?id=10441964 _zAn electronic book accessible through the World Wide Web; click to view |
| 999 |
_c135108 _d135108 |
||